Sporné otázky odpovědnosti za radu zákazníkovi

Jednotlivé zložky povinnosti distribútora poistenia radiť. Povinnosť pátracia, dotazovacia, vyšetrovacia a zisťovacia. Povinnosť rady, vysvetlenia a upozornenia. Povinnosť záznamová a dokumentačná. Predpoklady zodpovednosti za škodu spôsobenú nesprávnou alebo nedostatočnou radou. Vznik škody. Nevýho...

Ausführliche Beschreibung

Gespeichert in:
Bibliographische Detailangaben
1. Verfasser: Šimek, Robert
Format: Buchkapitel
Sprache:Tschechisch
Schlagworte:
Tags: Tag hinzufügen
Keine Tags, Fügen Sie das erste Tag hinzu!

MARC

LEADER 00000naa a2200000 4500
001 0258862
005 20191010092708.1
041 0 |a cze 
044 |a CZ 
245 1 0 |a Sporné otázky odpovědnosti za radu zákazníkovi  |c Robert Šimek 
520 |a Jednotlivé zložky povinnosti distribútora poistenia radiť. Povinnosť pátracia, dotazovacia, vyšetrovacia a zisťovacia. Povinnosť rady, vysvetlenia a upozornenia. Povinnosť záznamová a dokumentačná. Predpoklady zodpovednosti za škodu spôsobenú nesprávnou alebo nedostatočnou radou. Vznik škody. Nevýhodná zmluva. 
610 2 0 |a poistenie 
610 2 0 |a poisťovatelia 
610 2 0 |a poistníci 
610 2 0 |a zmluvy poistné 
610 2 0 |a zodpovednosť za škody 
100 1 |a Šimek, Robert